[Event "IECC CL4-2011.06 email"]
[Site "IECC email"]
[Date "2011.07.28"]
[Round "?"]
[White "Acosta, Diego Andres"]
[Black "Bertel, Michael"]
[Result "0-1"]
[WhiteElo "1746"]
[BlackElo "1773"]
[PlyCount "56"]
[EventDate "2011.??.??"]
[EventType "tourn (corr)"]
[EventRounds "4"]
[SourceTitle "Telechess CBM 149"]
[Source "ChessBase"]
[SourceDate "2012.07.17"]
[SourceVersion "1"]
[SourceVersionDate "2012.07.17"]
[SourceQuality "1"]
[WhiteTeam "Colombia"]
[BlackTeam "US of America"]
[WhiteTeamCountry "COL"]
[BlackTeamCountry "USA"]

1. e4 e5 2. Nf3 Nc6 3. Nc3 Nf6 4. d4 exd4 5. Nd5 Nxe4 6. Qe2 f5 7. Ng5 d3 8. cxd3 Nd4 9. Qh5+ g6 10. Qh4 c6 11. dxe4 cxd5 12. exd5 Qa5+ 13. Bd2 Qa4 14. Qg3 Nc2+ 15. Kd1 Nxa1+ 16. b3 Qg4+ 17. Qxg4 fxg4 18. Bb5 Rg8 19. Ne6 a6 20. Nc7+ Kf7 21. Nxa8 axb5 22. Bc3 Nxb3 23. axb3 b4 24. Bd4 d6 25. Re1 Bf5 26. Nb6 h5 27. Nc4 Be7 28. Ne3 Ra8 0-1

[Event "Norman Weasel op"]
[Site "Norman"]
[Date "2004.06.27"]
[Round "4"]
[White "Abraham, Eric"]
[Black "Acosta, Diego Andres"]
[Result "0-1"]
[WhiteElo "1803"]
[BlackElo "1780"]
[PlyCount "108"]
[EventDate "2004.06.26"]
[EventType "swiss"]
[EventRounds "5"]
[EventCountry "USA"]
[EventCategory "1"]
[SourceTitle "EXT 2006"]
[Source "ChessBase"]
[SourceDate "2005.11.24"]
[SourceVersion "1"]
[SourceVersionDate "2005.11.24"]
[SourceQuality "1"]

1. c4 Nf6 2. g3 g6 3. Bg2 Bg7 4. Nc3 c5 5. Nf3 Nc6 6. 0-0 0-0 7. d3 d6 8. a3 Rb8 9. Rb1 Nd7 10. Bd2 b6 11. b4 Nd4 12. Nxd4 Bxd4 13. Nb5 a6 14. Nxd4 cxd4 15. e3 dxe3 16. Bxe3 Bb7 17. Bxb7 Rxb7 18. Bg5 f6 19. Bh6 Re8 20. Qb3 e6 21. Rfe1 Ne5 22. d4 Nf7 23. Be3 d5 24. c5 b5 25. a4 Qd7 26. Ra1 Nd8 27. axb5 axb5 28. Ra6 Nc6 29. Qc3 Ra7 30. Rxa7 Nxa7 31. Ra1 Rb8 32. Bf4 Rb7 33. Bh6 Nc6 34. Ra8+ Rb8 35. Qa3 Qb7 36. Rxb8+ Nxb8 37. Qe3 Kf7 38. Qf4 Nc6 39. Qd2 Qa7 40. Qc3 Qa2 41. Bd2 Qb1+ 42. Kg2 Qe4+ 43. f3 Qxd4 44. Qxd4 Nxd4 45. f4 e5 46. fxe5 fxe5 47. Bc3 Nc6 48. Kf3 Ke6 49. g4 d4 50. Be1 Kd5 51. Ke2 Ke4 52. Bd2 Kd5 53. Bc1 Nxb4 54. Kd1 Kxc5 0-1

[Event "Norman Weasel op"]
[Site "Norman"]
[Date "2004.06.26"]
[Round "3"]
[White "Acosta, Diego Andres"]
[Black "Nichols, Thomas L"]
[Result "1/2-1/2"]
[WhiteElo "1780"]
[BlackElo "1988"]
[PlyCount "33"]
[EventDate "2004.06.26"]
[EventType "swiss"]
[EventRounds "5"]
[EventCountry "USA"]
[EventCategory "1"]
[SourceTitle "EXT 2006"]
[Source "ChessBase"]
[SourceDate "2005.11.24"]
[SourceVersion "1"]
[SourceVersionDate "2005.11.24"]
[SourceQuality "1"]

1. e4 c5 2. Nf3 d6 3. d4 cxd4 4. Nxd4 Nf6 5. Nc3 a6 6. Be2 e6 7. 0-0 Be7 8. Be3 0-0 9. f4 Nbd7 10. Nb3 b5 11. a3 Bb7 12. Bf3 Qc7 13. g4 Nc5 14. Nxc5 dxc5 15. e5 Rfd8 16. Qe2 Nd5 17. Nxd5 1/2-1/2

[Event "Norman June Quads"]
[Site "Norman"]
[Date "2004.06.12"]
[Round "2"]
[White "Acosta, Diego Andres"]
[Black "Strain, Milt"]
[Result "1-0"]
[WhiteElo "1780"]
[BlackElo "1659"]
[PlyCount "67"]
[EventDate "2004.06.12"]
[EventType "swiss"]
[EventRounds "3"]
[EventCountry "USA"]
[EventCategory "1"]
[SourceTitle "EXT 2006"]
[Source "ChessBase"]
[SourceDate "2005.11.24"]
[SourceVersion "1"]
[SourceVersionDate "2005.11.24"]
[SourceQuality "1"]

1. e4 Nc6 2. Nf3 d6 3. Nc3 Nf6 4. d4 Bg4 5. Be3 e6 6. h3 Bh5 7. Bb5 a6 8. Bxc6+ bxc6 9. 0-0 d5 10. e5 Nd7 11. Bg5 Be7 12. Bxe7 Qxe7 13. Qd3 Bg6 14. Qd2 0-0 15. a3 c5 16. dxc5 Nxc5 17. b4 Ne4 18. Nxe4 Bxe4 19. Nd4 c5 20. f3 Bg6 21. Nb3 c4 22. Nc5 Ra7 23. c3 Rfa8 24. Rae1 a5 25. Qb2 axb4 26. axb4 Ra2 27. Ra1 Qa7 28. Rxa2 Qxa2 29. Qxa2 Rxa2 30. b5 Kf8 31. b6 Rb2 32. Ra1 Ke7 33. b7 Kd8 34. Ra8+ 1-0

[Event "Oklahoma op 59th"]
[Site "Broken Arrow"]
[Date "2004.05.23"]
[Round "4"]
[White "Relyea, F Alexander"]
[Black "Acosta, Diego Andres"]
[Result "1/2-1/2"]
[WhiteElo "1800"]
[BlackElo "1780"]
[PlyCount "22"]
[EventDate "2004.05.22"]
[EventType "swiss"]
[EventRounds "5"]
[EventCountry "USA"]
[SourceTitle "EXT 2006"]
[Source "ChessBase"]
[SourceDate "2005.11.24"]
[SourceVersion "1"]
[SourceVersionDate "2005.11.24"]
[SourceQuality "1"]

1. e4 e6 2. Nf3 d5 3. e5 c5 4. b4 cxb4 5. a3 Nc6 6. d4 Nge7 7. axb4 Nxb4 8. c3 Nbc6 9. Ba3 Bd7 10. Bd3 Ng6 11. Bxg6 hxg6 1/2-1/2

[Event "Oklahoma op 59th"]
[Site "Broken Arrow"]
[Date "2004.05.22"]
[Round "2"]
[White "Ravits, Richard"]
[Black "Acosta, Diego Andres"]
[Result "1-0"]
[WhiteElo "1750"]
[BlackElo "1780"]
[PlyCount "43"]
[EventDate "2004.05.22"]
[EventType "swiss"]
[EventRounds "5"]
[EventCountry "USA"]
[SourceTitle "EXT 2006"]
[Source "ChessBase"]
[SourceDate "2005.11.24"]
[SourceVersion "1"]
[SourceVersionDate "2005.11.24"]
[SourceQuality "1"]

1. e4 e6 2. d4 d5 3. Nc3 Bb4 4. e5 c5 5. a3 Bxc3+ 6. bxc3 Qc7 7. f4 Ne7 8. Nf3 Nbc6 9. Be2 Bd7 10. 0-0 cxd4 11. cxd4 Qb6 12. Be3 Nf5 13. Bf2 Rc8 14. c4 Nce7 15. Rb1 Qa5 16. c5 Rc7 17. Qb3 Ba4 18. Be1 Bxb3 19. Bxa5 Ba2 20. Bxc7 Bxb1 21. Rxb1 Kd7 22. Bd6 1-0

[Event "Tulsa op"]
[Site "Tulsa"]
[Date "2004.01.17"]
[Round "2"]
[White "Movsisyan, Movses"]
[Black "Acosta, Diego Andres"]
[Result "1-0"]
[WhiteElo "2253"]
[BlackElo "1780"]
[PlyCount "79"]
[EventDate "2004.01.17"]
[EventType "swiss"]
[EventRounds "5"]
[EventCountry "USA"]
[SourceTitle "EXT 2006"]
[Source "ChessBase"]
[SourceDate "2005.11.24"]
[SourceVersion "1"]
[SourceVersionDate "2005.11.24"]
[SourceQuality "1"]

1. e4 e6 2. d4 d5 3. Nc3 Bb4 4. e5 c5 5. Bd2 Ne7 6. Nb5 Bxd2+ 7. Qxd2 0-0 8. c3 cxd4 9. cxd4 Nf5 10. Nf3 Bd7 11. Nc3 f6 12. Bd3 fxe5 13. dxe5 Nc6 14. 0-0 Nh4 15. Nxh4 Qxh4 16. f4 Ne7 17. Rf3 h6 18. Raf1 Nf5 19. Ne2 Qe7 20. Bxf5 Rxf5 21. Nd4 Rf7 22. Kh1 Rc8 23. Qa5 Qc5 24. Qxc5 Rxc5 25. f5 Re7 26. f6 Rf7 27. fxg7 Rxf3 28. gxf3 Rc4 29. Rd1 Kxg7 30. Kg2 Kf7 31. Kf2 Rc8 32. Ke3 Rg8 33. Rc1 Rc8 34. Rxc8 Bxc8 35. Nb5 Ke7 36. Nd6 Bd7 37. Nxb7 Bc6 38. Nd6 d4+ 39. Kxd4 Bxf3 40. Nc8+ 1-0

[Event "IECG CP.2003.P.00028 email"]
[Site "IECG email"]
[Date "2003.10.01"]
[Round "?"]
[White "Roth, Christian"]
[Black "Acosta, Diego Andres"]
[Result "1-0"]
[WhiteElo "836"]
[BlackElo "1609"]
[PlyCount "21"]
[EventDate "2003.10.01"]
[EventType "tourn (corr)"]
[EventRounds "6"]
[EventCountry "GER"]
[SourceTitle "Corr 2008"]
[Source "ChessBase"]
[SourceDate "2008.06.24"]
[SourceVersion "1"]
[SourceVersionDate "2008.06.24"]
[SourceQuality "1"]

1. e4 e6 2. d4 d5 3. Nc3 Bb4 4. Qg4 Nf6 5. Qxg7 Rg8 6. Qh6 c5 7. a3 Rg6 8. Qe3 Ba5 9. Bd2 Nc6 10. Bb5 cxd4 11. Qxd4 1-0

[Event "IECG CC.2003.0.00075 email"]
[Site "IECG email"]
[Date "2003.09.21"]
[Round "?"]
[White "Acosta, Diego Andres"]
[Black "Foote, Ian"]
[Result "1/2-1/2"]
[WhiteElo "1609"]
[BlackElo "1750"]
[PlyCount "39"]
[EventDate "2003.09.21"]
[EventType "tourn (corr)"]
[EventRounds "6"]
[SourceTitle "Corr 2008"]
[Source "ChessBase"]
[SourceDate "2008.06.24"]
[SourceVersion "1"]
[SourceVersionDate "2008.06.24"]
[SourceQuality "1"]

1. e4 e5 2. Nf3 Nc6 3. Nc3 Nf6 4. d4 exd4 5. Nd5 Nxe4 6. Qe2 f5 7. Ng5 d3 8. cxd3 Nd4 9. Qh5+ g6 10. Qh4 c6 11. dxe4 cxd5 12. exd5 Qa5+ 13. Bd2 Qa4 14. Qg3 f4 15. Bxf4 Bb4+ 16. Bd2 0-0 17. Bd3 Bxd2+ 18. Kxd2 Qb4+ 19. Kd1 Qa4+ 20. Kd2 1/2-1/2

[Event "IECG CC.2003.0.00075 email"]
[Site "IECG email"]
[Date "2003.09.21"]
[Round "?"]
[White "Acosta, Diego Andres"]
[Black "Holanda, Dogeval Ferreira"]
[Result "1-0"]
[WhiteElo "1609"]
[BlackElo "1700"]
[PlyCount "30"]
[EventDate "2003.09.21"]
[EventType "tourn (corr)"]
[EventRounds "6"]
[SourceTitle "Corr 2008"]
[Source "ChessBase"]
[SourceDate "2008.06.24"]
[SourceVersion "1"]
[SourceVersionDate "2008.06.24"]
[SourceQuality "1"]

1. e4 e6 2. d4 d5 3. Nc3 dxe4 4. Nxe4 Nd7 5. Nf3 Ngf6 6. Bg5 h6 7. Bxf6 Nxf6 8. Bd3 Nxe4 9. Bxe4 Bd6 10. 0-0 0-0 11. c3 Qf6 12. Qe2 c6 13. Ne5 c5 14. Nf3 cxd4 15. Nxd4 a6 1-0